| 000 | 00477nam a2200145 a 4500 | ||
|---|---|---|---|
| 001 | 000039728 | ||
| 005 | 20201002033712.0 | ||
| 008 | 130718s2010 dr 000 0 spa d | ||
| 040 |
_aDO-SdBNP _bspa _cBNPHU |
||
| 110 | 2 |
_aRepública Dominicana _9447 |
|
| 240 | 1 | 0 | _a[Regalmento, etc.] |
| 245 | 1 | 0 | _aReglamento de relaciones laborales en la administración pública (no.523-09) de aplicación de la ley 41-08. |
| 260 |
_aSanto Domingo : _bMAP, _c2010. |
||
| 300 |
_a60 p. ; _c21 cm. |
||
| 999 |
_c39218 _d39218 |
||